000 00300nam a22001337a 4500
008 181031b xxu||||| |||| 00| 0 eng d
020 _a9781586174378
041 _aeng
080 _a101
100 _a24
101 _aFIL
245 _aThe Consolation Of Philosophy
_cJoseph.P
942 _2udc
_cBK
999 _c51252
_d51252